Rozprávka o slonoch

Bibliographic Details
Main Author: Trnka, Jiří, 1912-1969 (Author)
Other Authors: Hudec, Milan (Translator), Kállay, Dušan, 1948- (gup)
Format: Article
Language:Slovak
Subjects:

MARC

LEADER 00000nab a2200000 a 4500
001 vtls000136215
003 SK-MaSNL
005 20260304024949.0
008 160202c1982 xo 0 slo
015 |a SNBRB19rr/mm-uuuuu 
035 |a CL0146321 
040 |a SNKBUCL  |b slo  |c SNKBUCL  |e AACR2 
041 0 |a slo 
044 |a xo  |c SK 
080 |a 885.0-3(087.5)  |2 1981 
100 1 |a Trnka, Jiří,  |d 1912-1969  |4 aut  |9 221899 
245 1 0 |a Rozprávka o slonoch  |c Jiří Trnka ; Milan Hudec, Dušan Kállay 
650 0 7 |a rozprávky autorské  |2 snkbucl  |9 315429 
650 0 7 |a literatúra pre deti a mládež  |2 snkbucl  |9 21893 
655 7 |a články z novín a časopisov  |2 snkbucl  |9 267496 
655 7 |a články z odboru literárna veda a krásna literatúra  |2 snkbucl  |9 770045 
700 1 |a Hudec, Milan  |4 trl  |9 5789 
700 1 |a Kállay, Dušan,  |d 1948-  |4 gup  |9 93799 
773 0 |t Slniečko  |g Roč. 15, č. 3 (1982), s. 20-21 
850 |a Slovenská národná knižnica v Martine  |a MTA001 
852 |a SNK  |b KIS3GCP 
958 |a RK 
958 |a CZ 
958 |a LX 
958 |a SK 
992 |a RBX 
999 |c 2624521  |d 2626451